Compendio de historia americana y argentina : época colonial /

Guardado en:
Autor Principal: Sommariva, F G
Formato: Libro
Publicado: Buenos Aires : Librería del colegio, 1935
Materias:
Etiquetas: Agregar Etiqueta
Sin Etiquetas, Sea el primero en etiquetar este registro!
LEADER 00503nam a22001695a 4500
001 CEM.cems006032
005 20060214000000.0
008 130507s1935##################000#0#####d
003 CEMS
082 0 4 |a 980 
100 1 |a Sommariva, F G 
245 1 0 |a Compendio de historia americana y argentina :  |b  época colonial / 
260 |a Buenos Aires :  |b Librería del colegio,  |c 1935 
300 |a 316 p. 
653 |a Historia 
653 |a Historia de america 
859 |a CEMS  |b BIB. CEMS - 11 de abril  |h 980  |i So51  |p 6369.78  |t Ej.1